Statistics for Countries that Visit Germany the Most

Click here to take the quiz!

General Stats

  • This quiz has been taken 149 times
  • The average score is 11 of 12

Answer Stats

Visitors Country % Correct
5,743,000United States
100%
5,599,000United Kingdom
98%
3,739,000Austria
98%
3,446,000France
98%
2,639,000Poland
97%
3,663,000Italy
96%
6,563,000Switzerland
93%
3,320,000Denmark
92%
2,798,000Spain
92%
11,255,000Netherlands
90%
3,173,000Belgium
88%
2,582,000China
88%

Score Distribution

Percentile by Number Answered

Percent of People with Each Score

Your Score History

You have not taken this quiz